|
|
|
|
| LEADER |
00000cam a2200000 a 4500 |
| 001 |
UCD0381 |
| 003 |
CL-VaPUC |
| 008 |
151127e20150000cl |||||||||||||||||spa|d |
| 020 |
|
|
|a 9789560006172
|
| 082 |
0 |
4 |
|a 322.420983
|b ALV
|2 21
|
| 100 |
0 |
|
|a Alvarez Vergara, Marco
|e author
|9 583374
|
| 245 |
1 |
3 |
|a La constituyente revolucionaria: historia de la fundación del MIR chileno
|
| 250 |
|
|
|a 1a. ed
|
| 300 |
|
|
|a 170 p
|
| 942 |
|
|
|c BK
|
| 945 |
|
|
|d 20151127 13:45:00
|a dcastane
|
| 260 |
|
|
|a Santiago
|b Lom
|c 2015
|
| 600 |
0 |
7 |
|a MIR
|2 CL-VaPUC
|9 467865
|
| 650 |
|
0 |
|a Movimientos revolucionarios
|9 349711
|
| 650 |
|
0 |
|a Movimientos sociales
|9 315241
|
| 583 |
|
|
|a last modification
|c 20151127 13:45:00
|k Rodrigo Vera
|
| 999 |
|
|
|c 361945
|d 361943
|
| 952 |
|
|
|0 0
|1 0
|3 erb
|4 0
|6 322_420983000000000_ALV_2015
|7 0
|8 A
|9 472701
|a BIBHIS
|b BIBHIS
|i 5252857
|o 322.420983 ALV 2015
|p 5252857
|r 2025-01-20
|w 2019-11-24
|y BK
|z Catalogado en:20151127
|k HIS
|